| 000 | 00821nam a2200241 i 4500 | ||
|---|---|---|---|
| 001 | 77665 | ||
| 003 | ES-MaACL | ||
| 005 | 20250809051105.0 | ||
| 007 | t| | ||
| 008 | 041029s2004 sp ||||1| spa d | ||
| 020 | _a84-460-1581-1 | ||
| 100 | 1 |
_aShaw, Ian. _9106031 |
|
| 245 | 1 | 0 |
_aDiccionario Akal del antiguo Egipto / _cIan Shaw y Paul Nicholson ; traducción de José Miguel Serrano Delgado. |
| 260 |
_aTres Cantos (Madrid) : _bAkal, _c[2004] |
||
| 300 |
_a413 p. : _bil. col. y n., mapas ; _c30 cm. |
||
| 490 | 1 |
_aAkal/diccionarios ; _v39 |
|
| 651 | 4 |
_aEgipto- _xCivilización- _vDiccionarios. _98140 |
|
| 700 | 1 |
_aNicholson, Paul T. _985544 |
|
| 700 | 1 |
_aSerrano Delgado, José Miguel. _9105752 |
|
| 830 | 0 | 0 |
_aAkal/Diccionarios _v39 _9180610 |
| 852 |
_aES-MaACL _jL-28382 _bR.134275 |
||
| 999 |
_c77665 _d77665 |
||